Literal Translation of Country Names: Asia (with hints) - Statistics

General Stats
  • This quiz has been taken 38 times
  • The average score is 40 of 48
Answer Stats
Hint Answer % Correct
Land of the thunder dragon B Bhutan
97%
Country of the river Indus I India
97%
Land of the Syrians S Syria
97%
Home of the Tajiks T Tajikistan
97%
Land of the Turkmen T Turkmenistan
97%
Land of the Bengalis B Bangladesh
94%
Kingdom of three Laos L Laos
94%
Land of the Mongols M Mongolia
94%
Land of Oman O Oman
94%
United Arab kingdom U United Arab Emirates
94%
Land of the free Uzbeks U Uzbekistan
94%
Viets of the south V Vietnam
94%
Country of the south Y Yemen
94%
Land of the rising sun J Japan
91%
Land of tar Q Qatar
91%
Land of the Rus' R Russia
91%
Land of the free Thais T Thailand
91%
Land of Prince Philip of Asurias P Philippines
88%
High and beautiful to the south S South Korea
88%
Land in the east E East Timor
84%
Indian islands I Indonesia
84%
Descend to the sea J Jordan
84%
The country looked after by Ne N Nepal
84%
High and beautiful to the north N North Korea
84%
Lion city S Singapore
84%
There B Brunei
81%
Land of the Aryans I Iran
81%
Blessed island S Sri Lanka
81%
We that striveth with God I Israel
78%
Place where one stands K Kazakhstan
78%
Mountainous country A Afghanistan
75%
Land of Hayk A Armenia
75%
The two seas B Bahrain
75%
Beside the water I Iraq
75%
Land of the wanderers K Kyrgyzstan
75%
Garland of islands M Maldives
75%
Pure country P Pakistan
75%
Land of strength T Turkey
75%
Protected by fire A Azerbaijan
72%
Island of copper C Cyprus
72%
The fortress K Kuwait
72%
White peaks L Lebanon
72%
Middle kingdom C China
69%
Land of the wolves G Georgia
69%
Mountain city M Malaysia
66%
Swift and strong M Myanmar
66%
The city C Cambodia
63%
Land of good fortune S Saudi Arabia
56%
No matching quizzes found
Score Distribution
Percent of People with Each Score
Percentile by Number Answered
Your Score History
You have not taken this quiz